| 000 -CABECERA |
| campo de control de longitud fija |
01811cam a2200241 a 4500 |
| 001 - NÚMERO DE CONTROL |
| campo de control |
2584507 |
| 005 - FECHA Y HORA DE LA ÚLTIMA TRANSACCIÓN |
| campo de control |
20210512162042.0 |
| 008 - DATOS DE LONGITUD FIJA--INFORMACIÓN GENERAL |
| campo de control de longitud fija |
960208s1995 pe a b 000 0 spa d |
| 035 ## - NÚMERO DE CONTROL DEL SISTEMA |
| Número de control de sistema |
BBQ6983 |
| 040 ## - FUENTE DE LA CATALOGACIÓN |
| Centro catalogador/agencia de origen |
CENDOC CAAAP |
| Centro/agencia transcriptor |
CAAAP |
| Lengua de catalogación |
spa |
| 050 00 - SIGNATURA TOPOGRÁFICA DE LA BIBLIOTECA DEL CONGRESO |
| Número de clasificación |
FP |
| Número de documento/Ítem |
360.H8 P43 |
| 100 1# - ENTRADA PRINCIPAL--NOMBRE DE PERSONA |
| Nombre personal |
Peñaloza J., José B. |
| Forma completa/desarrollada del nombre |
(José Benigno Peñaloza Jarrín) |
| 9 (RLIN) |
2810 |
| 245 10 - MENCIÓN DE TÍTULO |
| Título |
Huancayo : |
| Subtitulo |
historia, familia y región / |
| Mención de responsabilidad, etc. |
José B. Peñaloza Jarrín. |
| 250 ## - MENCIÓN DE EDICIÓN |
| Mención de edición |
1a ed. |
| 260 ## - PUBLICACIÓN, DISTRIBUCIÓN, ETC. |
| Lugar de publicación, distribución, etc. |
[Lima] : |
| Nombre del editor, distribuidor, etc. |
Pontificia Universidad Católica del Perú, Instituto Riva-Agüero, |
| Fecha de publicación, distribución, etc. |
1995. |
| 300 ## - DESCRIPCIÓN FÍSICA |
| Extensión |
xix, 497 p. : |
| Otras características físicas |
il. ; |
| Dimensiones |
22 cm. |
| 504 ## - NOTA DE BIBLIOGRAFÍA, ETC. |
| Nota de bibliografía, etc. |
Incluye referencias bibliográficas (p. 489-497). |
| 505 ## - NOTA DE CONTENIDO CON FORMATO |
| Nota de contenido con formato |
Contenido: Los primitivos pobladores -- La huanca Huamaní -- La muy noble ciudad de Xauxa -- Participación del Valle de Jauja en el establecimiento español -- El corregimiento de Jauja -- La proclamación de la independencia en la Intendencia de Tarma -- El libertador Simón Bolívar y Cipriano Peñalosa, un héroe olvidado desde la campaña de Junín -- Participación de Huancayo y su Valle en formación de la República -- La creación y primeros años de la provincia de Huancayo -- Los batallones de Huancayo y del Valle del Mantaro en la campaña de Lima -- La campaña del centro (Abril 1881- Julioi 1882) -- Continuación de la campaña del centro (Agosto 1882 - Diciembre 1883) -- Huancayo en el siglo XX -- Algunos aspectos económicos de Huancayo republicano -- Panorama cultural, científico y social de Huancayo republicano -- Personajes en el virreinato -- Héroes de la independencia -- Personajes en el periodo republicano -- Remembranzas de Augusto C. Peñaloza Vega. |
| 650 #0 - PUNTO DE ACCESO ADICIONAL DE MATERIA--TÉRMINO DE MATERIA |
| 9 (RLIN) |
8 |
| Término de materia o nombre geográfico como elemento de entrada |
Historia |
| 651 #0 - PUNTO DE ACCESO ADICIONAL DE MATERIA--NOMBRE GEOGRÁFICO |
| Nombre geográfico |
Huancayo |
| Subdivisión general |
History. |
| 9 (RLIN) |
574 |
| 710 2# - ENTRADA SECUNDARIA -- AUTOR CORPORATIVO |
| 9 (RLIN) |
2811 |
| Nombre de entidad corporativa o nombre de jurisdicción como elemento de entrada |
Instituto Riva Agüero |
| 942 ## - ELEMENTOS PERSONALIZADOS KOHA |
| Fuente del sistema de clasificación o colocación |
|
| Fecha de catalogación |
DD - MM - AA |
| Tipo de ítem Koha |
Libros |